000 00601nam a22002177a 4500
003 UA-OsUOA
001 88307
007 ta
008 20121003b un ||||| |||| 00| 0 ukr d
090 _a82.09
_bС 69
942 _cBK
040 _aUA-OsUOA
_brus
_cUA-OsUOA
_dUA-OsUOA
245 _aСочинения И. Пересветова
_cЛихачева Д.С.
300 _a386 с.
955 _a5
041 _arus
080 _a82.09
260 _aМ.
_bАкадемия наук СССР
_c1956
650 7 _a82 Література. Літературознавство
_2UDC
999 _c374286
_d374286